Miejscowości przy drodze krajowej nr 78 - Statystyki

Ogólne statystyki
  • Ten quiz został rozwiązany 13 razy
  • Średni wynik to 17 z 55
Statystyki odpowiedzi
Miejscowość % Poprawnych
Zawiercie
85%
Siewierz
62%
Szczekociny
62%
Chmielnik
54%
Gliwice
54%
Jędrzejów
54%
Rybnik
54%
Tarnowskie Góry
46%
Bytom
38%
Chałupki
38%
Poręba
38%
Zabrze
38%
Boguchwałowice
31%
Chlewice
31%
Damiany
31%
Goleniowy
31%
Jaronowice
31%
Kije
31%
Kroczyce
31%
Lgota Murowana
31%
Moskorzew
31%
Nagłowice
31%
Nakło Śląskie
31%
Pradła
31%
Ślęcin
31%
Świerklaniec
31%
Wodzisław Śląski
31%
Borki
23%
Celiny
23%
Czekanów
23%
Gorzyce
23%
Grabiec
23%
Holendry
23%
Jasionna
23%
Lipnik
23%
Mierzęcice
23%
Motkowice
23%
Nieborowice
23%
Niezdara
23%
Piaski
23%
Przededworze
23%
Radlin
23%
Samostrzałów
23%
Siemięrzyce
23%
Szałsza
23%
Tąpkowice
23%
Wieszowa
23%
Wilanów
23%
Zdanowice
23%
Żydówek
23%
Nowa Wieś
15%
Olza
15%
Turza Śląska
15%
Wilcza
15%
Zabełków
15%
Nie znaleziono quizów pasujących do podanych kryteriów
Rozkład punktacji
Procent ludzi z każdym wynikiem
Percentyl według liczby udzielonych odpowiedzi
Twoja historia wyników
Nie rozwiązałeś tego quizu